<?xml version="1.0" encoding="UTF-8"?>
<collection xmlns="http://www.loc.gov/MARC21/slim">
 <record>
  <leader>01356nam a22002177a 4500</leader>
  <controlfield tag="001">NCT_89716</controlfield>
  <controlfield tag="008">210507b        xxu||||| |||| 00| 0 vie d</controlfield>
  <datafield tag="999" ind1=" " ind2=" ">
   <subfield code="c">4424</subfield>
   <subfield code="d">4424</subfield>
  </datafield>
  <datafield tag="020" ind1=" " ind2=" ">
   <subfield code="c">86000</subfield>
  </datafield>
  <datafield tag="082" ind1="0" ind2="4">
   <subfield code="2">23rd ed.</subfield>
   <subfield code="a">005.1</subfield>
   <subfield code="b">Kh106</subfield>
  </datafield>
  <datafield tag="100" ind1="1" ind2=" ">
   <subfield code="a">Phạm Hữu Khang</subfield>
   <subfield code="d">Chủ biên</subfield>
  </datafield>
  <datafield tag="245" ind1="1" ind2="0">
   <subfield code="a">SQL server 2005 lập trình nâng cao</subfield>
   <subfield code="c">Phạm Hữu Khang (chủ biên); Đoàn Thiện Ngân(hiệu đính)</subfield>
  </datafield>
  <datafield tag="260" ind1=" " ind2=" ">
   <subfield code="a">H.</subfield>
   <subfield code="b">Lao động - xã hội</subfield>
   <subfield code="c">2008</subfield>
  </datafield>
  <datafield tag="300" ind1=" " ind2=" ">
   <subfield code="a">343 tr.</subfield>
   <subfield code="b">minh họa</subfield>
   <subfield code="c">24cm</subfield>
  </datafield>
  <datafield tag="520" ind1="3" ind2=" ">
   <subfield code="a">Sách giới thiệu cách khai báo và sử dụng kiểu Cursor trong nhiều trường hợp mà bạn không thể sử dụng phát biểu SQL. Khám phá cách cài đặt Transaction trong thủ tục nội tại nhằm kiểm soát tính nhất quán trong tác vụ xử lý dữ liệu.</subfield>
  </datafield>
  <datafield tag="653" ind1=" " ind2=" ">
   <subfield code="a">Công nghệ thông tin</subfield>
  </datafield>
  <datafield tag="700" ind1="1" ind2=" ">
   <subfield code="a">Đoàn Thiện Ngân</subfield>
   <subfield code="e">Hiệu đính</subfield>
  </datafield>
  <datafield tag="942" ind1=" " ind2=" ">
   <subfield code="2">ddc</subfield>
   <subfield code="c">BK</subfield>
  </datafield>
  <datafield tag="952" ind1=" " ind2=" ">
   <subfield code="0">0</subfield>
   <subfield code="1">0</subfield>
   <subfield code="2">ddc</subfield>
   <subfield code="4">0</subfield>
   <subfield code="6">005_100000000000000_KH106</subfield>
   <subfield code="7">0</subfield>
   <subfield code="9">21230</subfield>
   <subfield code="a">000001</subfield>
   <subfield code="b">000001</subfield>
   <subfield code="d">2021-05-07</subfield>
   <subfield code="o">005.1 Kh106</subfield>
   <subfield code="p">MD.02061</subfield>
   <subfield code="r">2021-05-07</subfield>
   <subfield code="v">86000.00</subfield>
   <subfield code="w">2021-05-07</subfield>
   <subfield code="y">BK</subfield>
  </datafield>
  <datafield tag="952" ind1=" " ind2=" ">
   <subfield code="0">0</subfield>
   <subfield code="1">0</subfield>
   <subfield code="2">ddc</subfield>
   <subfield code="4">0</subfield>
   <subfield code="6">005_100000000000000_KH106</subfield>
   <subfield code="7">0</subfield>
   <subfield code="9">21231</subfield>
   <subfield code="a">000001</subfield>
   <subfield code="b">000001</subfield>
   <subfield code="d">2021-05-07</subfield>
   <subfield code="o">005.1 Kh106</subfield>
   <subfield code="p">MD.02062</subfield>
   <subfield code="r">2021-05-07</subfield>
   <subfield code="v">86000.00</subfield>
   <subfield code="w">2021-05-07</subfield>
   <subfield code="y">BK</subfield>
  </datafield>
  <datafield tag="980" ind1=" " ind2=" ">
   <subfield code="a">Thư viện Trường Đại học Nam Cần Thơ</subfield>
  </datafield>
 </record>
</collection>
